=LDR 00000nam 2200000 4500 =001 INLIS000000000023934 =005 20130612122543 =008 ***********************************ind** =035 ##$$0010-061300000023934 =041 ##$$a ind =082 ##$$a 028.5 =090 ##$$a 028.5, HIM s =100 ##$$a Simpong, R.Kamea =245 ##$$a Senyum Mentari Sore, R.Kamea Himpong =260 ##$$a 1998 $b Surabaya =300 ##$$a 126 hlm., ilus., 21 cm =650 ##$$a Cerita Fiksi Anak =850 ##$$a NBPNMAT